|
|
|
|
| LEADER |
009650000a22002890004500 |
| 020 |
|
|
|a 81-7022-929-4
|
| 082 |
|
|
|a 020 P21.1
|
| 100 |
|
|
|a Sardana, J L; Editor
|
| 245 |
|
|
|a Libraries and information studies in retrospect and prospect: essays in honour of Prof D R Kalia
|
| 250 |
|
|
|
| 260 |
|
|
|a New Delhi, Concept Publishing Company
|e 2002
|
| 260 |
|
|
|c 2002
|
| 460 |
|
|
|a v 1 (xliv, 304p)
|
| 465 |
|
|
|a Rs.1,900.00(set)
|
| 490 |
|
|
|a 1
|
| 500 |
|
|
|a ed by J L Sardana
|
| 500 |
|
|
|a Includes bibliographical references
|
| 650 |
|
|
|a Information marketing
|
| 650 |
|
|
|a Information services
|
| 650 |
|
|
|a Kalia, D R-Festchrift
|
| 650 |
|
|
|a Libraries-Management
|
| 650 |
|
|
|a Library education
|
| 650 |
|
|
|a Library science-Research
|
| 650 |
|
|
|a Processing (Libraries)
|
| 942 |
|
|
|c BK
|
| 999 |
|
|
|c 44237
|d 44237
|
| 952 |
|
|
|0 0
|1 0
|4 0
|6 020_P21_100000000000000
|7 0
|8 ENG
|9 44907
|a MGUL
|b MGUL
|d 2013-07-16
|e Rs.1,900.00(set)
|l 0
|o 020 P21.1
|p 42584
|r 2013-07-16
|w 2013-07-16
|y BK
|